Statistics for Countries of the French Empire

Click here to take the quiz!

General Stats

  • This quiz has been taken 155 times
  • The average score is 48 of 73

Answer Stats

Country of the French Empire% Correct
Algeria
93%
Italy
89%
United States
89%
France
88%
Morocco
88%
Belgium
87%
Canada
87%
Tunisia
86%
Spain
85%
Mali
84%
Netherlands
83%
Germany
82%
Niger
82%
Vietnam
81%
Chad
80%
United Kingdom
80%
Portugal
79%
Republic of the Congo
79%
Senegal
79%
Switzerland
78%
Andorra
77%
Cambodia
77%
Laos
77%
Libya
77%
Haiti
76%
Luxembourg
75%
Egypt
74%
Mauritania
74%
Cameroon
73%
Guinea
72%
Mexico
71%
Cote d'Ivoire
69%
Monaco
69%
Poland
69%
Syria
69%
India
68%
China
67%
Gabon
67%
Central African Republic
66%
Madagascar
66%
Benin
65%
Lebanon
65%
Togo
65%
Dominican Republic
63%
Mauritius
62%
Turkey
62%
Dominica
60%
Comoros
59%
Gambia
59%
Burkina Faso
58%
Greece
57%
Malta
56%
Brazil
54%
Nigeria
54%
Djibouti
50%
Saint Lucia
50%
Seychelles
50%
Vatican City
50%
Albania
49%
Guyana
49%
Saint Kitts and Nevis
49%
Croatia
48%
Slovenia
48%
Saint Vincent and the Grenadines
46%
Indonesia
45%
Grenada
44%
Eritrea
41%
Trinidad and Tobago
39%
Sao Tome and Principe
35%
Taiwan
32%
Vanuatu
32%
Sri Lanka
31%
Philippines
28%

Score Distribution

Percentile by Number Answered

Percent of People with Each Score

Your Score History

You have not taken this quiz